Hours in a library / (Record no. 21376)
[ view plain ]
| 000 -LEADER | |
|---|---|
| fixed length control field | 01242nam a2200229 a 4500 |
| 001 - CONTROL NUMBER | |
| control field | 21376 |
| 003 - CONTROL NUMBER IDENTIFIER | |
| rucl marc code | BD-RjUL |
| 005 - DATE AND TIME OF LATEST TRANSACTION | |
| control field | 20211209000658.0 |
| 008 - FIXED-LENGTH DATA ELEMENTS--GENERAL INFORMATION | |
| fixed length control field | 170129s1892 enk o 000 0 eng d |
| 035 ## - SYSTEM CONTROL NUMBER | |
| System control number | (BD-RjUL)21440 |
| 040 ## - CATALOGING SOURCE | |
| Original cataloging agency | OCLCE |
| Language of cataloging | eng |
| Transcribing agency | OCLCE |
| Modifying agency | BD-RjUL |
| 041 ## - LANGUAGE CODE | |
| Language code of text/sound track or separate title | eng |
| 082 04 - DEWEY DECIMAL CLASSIFICATION NUMBER | |
| Classification number | 820.9 |
| Author mark and year | STH V-2 1892 |
| Edition number | 23 |
| 100 1# - MAIN ENTRY--PERSONAL NAME | |
| Personal name | Stephen, Leslie, |
| Dates associated with a name | 1832-1904. |
| 9 (RLIN) | 56139 |
| 245 10 - TITLE STATEMENT | |
| Title | Hours in a library / |
| Statement of responsibility, etc. | by Leslie Stephen. |
| Number of part/section of a work | Vol. II |
| 260 ## - PUBLICATION, DISTRIBUTION, ETC. (IMPRINT) | |
| Place of publication, distribution, etc. | London : |
| Name of publisher, distributor, etc. | Smith, Elder & Co., |
| Date of publication, distribution, etc. | 1892. |
| 300 ## - PHYSICAL DESCRIPTION | |
| Pagination | 376 p. ; |
| Size | 20 cm. |
| 505 0# - FORMATTED CONTENTS NOTE | |
| Formatted contents note | 1. De Foe's novels. Richardson's novels. Pope as a moralist. Sir Walter Scott. Nathaniel Hawthorne. Balzac's novels. De Quincey. Sir Thomas Browne. Jonathan Edwards. Horace Walpole.--2. Dr. Johnson's writings. Crabbe. William Hazlitt. Disraeli's novels. Massinger. Fielding's novels. Cowper and Rousseau. The first Edinburgh reviewers. Wordsworth's ethics. Landor's Imaginary conversations. Macaulay.--3. Charlotte Bront�e. Charles Kingsley. Godwin and Shelley. Gray and his school. Sterne. Country books. George Eliot. Autobiography. Carlyle's ethics. The State trials. Coleridge. |
| 650 #0 - SUBJECT ADDED ENTRY--TOPICAL TERM | |
| Topical term or geographic name as entry element | English essays. |
| 9 (RLIN) | 66071 |
| Topical term or geographic name as entry element | English literature |
| General subdivision | History and criticism. |
| 9 (RLIN) | 66072 |
| 942 ## - ADDED ENTRY ELEMENTS (KOHA) | |
| Source of classification or shelving scheme | Dewey Decimal Classification |
| Koha item type | Books |
| Lost status | Source of classification or shelving scheme | Damaged status | Not for loan | Collection code | Permanent Location | Current Location | Shelving location | Date acquired | Source of acquisition | Cost, normal purchase price | Total Checkouts | Full call number | Date last seen | Copy number | Koha item type |
|---|---|---|---|---|---|---|---|---|---|---|---|---|---|---|---|
| Dewey Decimal Classification | Non-fiction | Central Library, University of Rajshahi | Central Library, University of Rajshahi | Reading Room | 21/11/1956 | B. H. Bluckwell | 0.15 | 820.9 STH V-2 1892 | 04/03/2014 | C-1 | Books | ||||
| Dewey Decimal Classification | Not For Loan | Non-fiction | Central Library, University of Rajshahi | Central Library, University of Rajshahi | Reading Room | 21/11/1950 | B.H.Blacwell | 0.15 | 820.9 STH V-1 1892 | 29/01/2017 | C-1 | Books | |||
| Dewey Decimal Classification | Not For Loan | Non-fiction | Central Library, University of Rajshahi | Central Library, University of Rajshahi | Reading Room | 21/11/1956 | Black Well | 820.9 STH V-3 1892 | 17/01/2025 | C-1 | Books |